Statistics for Countries with the Most Winter Olympic Medals

Click here to take the quiz!

General Stats

  • This quiz has been taken 91 times
  • The average score is 18 of 20

Answer Stats

# Country % Correct
282United States
99%
109France
99%
329Norway
97%
170Canada
97%
144Sweden
97%
124Russia
97%
209Germany
95%
39West Germany
95%
218Austria
94%
161Finland
93%
45Japan
93%
138Switzerland
92%
114Italy
91%
26Great Britain
90%
53China
89%
110Netherlands
84%
194Soviet Union
84%
53South Korea
82%
110East Germany
68%
25Czechoslovakia
62%

Score Distribution

Percentile by Number Answered

Percent of People with Each Score

Your Score History

You have not taken this quiz